Statistiques concernant La Suisse en 1789 avec une carte

Cliquez ici pour prendre le quiz!

Statistiques générales

  • Ce quiz a été pris 152 fois
  • Le résultat moyen est 24 sur 47

Réponses sur la Carte

Les réponses sont colorées sur une échelle allant du rouge au vert en fonction du pourcentage des utilisateurs qui les ont devinées à leur premier essai. Vous pouvez retrouver ces pourcentages ci-dessous.
 

Statistiques - réponses

ArtPlace% Correct
XIII cantonsBerne
98%
PatronageRapperswil
98%
XIII cantonsZurich
94%
PatronageRépublique de Gersau
88%
XIII cantonsBâle
87%
XIII cantonsFribourg
84%
XIII cantonsLucerne
84%
Pays alliéGenève
83%
XIII cantonsUri
82%
Pays alliéPrincipauté de Neuchâtel
81%
PatronageLa Neuveville
76%
Pays alliéRépublique des Sept-Dizains
76%
XIII cantonsUnterwald
74%
Pays alliéAbbaye princière de Saint-Gall
72%
Pays alliéSaint-Gall
72%
PatronageAbbaye de Moutier-Grandval
71%
XIII cantonsAppenzell
71%
XIII cantonsSoleure
71%
XIII cantonsSchaffhouse
70%
XIII cantonsZoug
69%
XIII cantonsSchwytz
68%
Pays alliéTrois Ligues
67%
PatronageHaldenstein
64%
Bailliage communThurgovie
64%
Bailliage communLugano
63%
PatronageAbbaye de Bellelay
62%
XIII cantonsGlaris
61%
Bailliage communBellinzone
49%
Bailliage communLocarno
48%
Pays alliéBienne
37%
Bailliage communMorat
33%
Bailliage communOrbe-Échallens
24%
Pays alliéMulhouse
23%
Bailliage communBaden
22%
Bailliage communGrandson
21%
PatronageAbbaye d'Engelberg
19%
Bailliage communMendrisio
19%
Bailliage communSargans
15%
Bailliage communBlenio
12%
Bailliage communSchwarzenbourg
12%
Bailliage communUznach
10%
Bailliage communFreie Ämter
9%
Bailliage communRheintal
9%
Bailliage communRiviera
9%
Bailliage communVallemaggia
9%
Bailliage communGams
8%
Bailliage communGaster
8%

Distribution des résultats

Percentile par nombre de réponses

% des personnes avec chaque résultat

Votre développement - résultats

Vous n’avez pas pris ce quiz